Top countries by agricultural employment with exceptions - Statistics

General Stats
  • This quiz has been taken 63 times
  • The average score is 11 of 20
Answer Stats
% Country % Correct
42.7 India
93%
61.3 Laos
84%
39.1 Bangladesh
82%
40.9 Vietnam
80%
49.9 Myanmar
79%
42.0 Pakistan
77%
71.7 Nepal
68%
56.8 Bhutan
64%
51.6 Tajikistan
48%
44.5 Yemen
46%
39.5 Fiji
45%
34.4 Armenia
43%
37.4 Azerbaijan
43%
41.3 Haiti
43%
31.7 Tonga
43%
40.9 Georgia
41%
33.3 Moldova
41%
69.6 Solomon islands
41%
64.9 Vanuatu
36%
40.3 Albania
29%
No matching quizzes found
Score Distribution
Percent of People with Each Score
Percentile by Number Answered
Your Score History
You have not taken this quiz